Atkin's encyclopaedia of court forms in civil proceedings. (Record no. 2081)

MARC details
000 -LEADER
fixed length control field 01375cam a22003251 4500
001 - CONTROL NUMBER
control field 4061583
003 - CONTROL NUMBER IDENTIFIER
control field OSt
005 - DATE AND TIME OF LATEST TRANSACTION
control field 20110517171719.0
008 - FIXED-LENGTH DATA ELEMENTS--GENERAL INFORMATION
fixed length control field 780425m19619999enk 000 0 eng
010 ## - LIBRARY OF CONGRESS CONTROL NUMBER
LC control number 66098553
040 ## - CATALOGING SOURCE
Original cataloging agency DLC
Transcribing agency DLC
Modifying agency DLC
043 ## - GEOGRAPHIC AREA CODE
Geographic area code e-uk---
050 00 - LIBRARY OF CONGRESS CALL NUMBER
Classification number KD7325
Item number .A85 1961
082 00 - DEWEY DECIMAL CLASSIFICATION NUMBER
Classification number 347.41/055
245 00 - TITLE STATEMENT
Title Atkin's encyclopaedia of court forms in civil proceedings.
250 ## - EDITION STATEMENT
Edition statement 2d ed.
Remainder of edition statement by Lord Evershed and other lawyers.
260 ## - PUBLICATION, DISTRIBUTION, ETC. (IMPRINT)
Place of publication, distribution, etc London,
Name of publisher, distributor, etc Butterworths
Date of publication, distribution, etc [1961- [v. 1, 1963]
300 ## - PHYSICAL DESCRIPTION
Extent v.
Dimensions 26 cm.
500 ## - GENERAL NOTE
General note First ed. published in 1937-50 under title: The encyclopaedia of court forms and precedents in civil proceedings, edited by Lord Atkin.
500 ## - GENERAL NOTE
General note Includes earlier issues of some volumes.
500 ## - GENERAL NOTE
General note Vol. 32, 1974 issue.
500 ## - GENERAL NOTE
General note Kept up to date by an interim service booklet, issued in the autumn of each year, and an annual cumulative supplement.
650 #0 - SUBJECT ADDED ENTRY--TOPICAL TERM
Topical term or geographic name as entry element Civil procedure
Geographic subdivision Great Britain
General subdivision Forms.
9 (RLIN) 4159
700 1# - ADDED ENTRY--PERSONAL NAME
Personal name Atkin, James Richard Atkin,
Titles and other words associated with a name baron,
Dates associated with a name 1867-1944,
Relator term ed.
9 (RLIN) 4160
700 1# - ADDED ENTRY--PERSONAL NAME
Personal name Evershed, Francis Raymond Evershed,
Titles and other words associated with a name baron,
Dates associated with a name 1899-
Relator term ed.
9 (RLIN) 4161
856 ## - ELECTRONIC LOCATION AND ACCESS
Uniform Resource Identifier <a href="http://192.168.1.240/opac-tmpl/prog/docs/2011-05-online-revelry-osama-bin-laden.pdf">http://192.168.1.240/opac-tmpl/prog/docs/2011-05-online-revelry-osama-bin-laden.pdf</a>
Link text Click for full text
906 ## - LOCAL DATA ELEMENT F, LDF (RLIN)
a 7
b cbc
c orignew
d 1
e opcn
f 19
g y-gencatlg
942 ## - ADDED ENTRY ELEMENTS (KOHA)
Source of classification or shelving scheme Dewey Decimal Classification
Koha item type Books

No items available.